[Event "DEM U16 2018"]
[Site "Willingen GER"]
[Date "2018.05.24"]
[Round "7"]
[White "Mohammadi Nia, Borna"]
[Black "Woithe, Daniel"]
[Result "1/2-1/2"]
[Termination "normal"]
[Board "13"]
[WhiteElo "2029"]
[BlackElo "1894"]
[WhiteClock "00:02:20"]
[BlackClock "00:02:11"]
[PlyCount "81"]
[WhiteFideId "16207319"]
[BlackFideId "16244648"]
[EventCountry "GER"]
[EventRounds "9"]
[EventType "swiss"]
[EventDate "2018.05.19"]

1. e4 {[%clk 1:30:58]} 1... e6 {[%clk 1:30:56]} 2. d4 {[%clk 1:31:25]} 2... d5
{[%clk 1:31:23]} 3. Nc3 {[%clk 1:31:52]} 3... Bb4 {[%clk 1:31:43]} 4. Nge2 {
[%clk 1:32:17]} 4... dxe4 {[%clk 1:32:00]} 5. a3 {[%clk 1:32:45]} 5... Bxc3+ {
[%clk 1:32:12]} 6. Nxc3 {[%clk 1:33:10]} 6... Nc6 {[%clk 1:32:11]} 7. d5 {
[%clk 1:33:36]} 7... exd5 {[%clk 1:32:12]} 8. Qxd5 {[%clk 1:33:57]} 8... Be6 {
[%clk 1:32:23]} 9. Qxe4 {[%clk 1:34:22]} 9... Nf6 {[%clk 1:31:07]} 10. Qh4 {
[%clk 1:34:49]} 10... Qe7 {[%clk 1:04:56]} 11. Be2 {[%clk 1:25:42]} 11... O-O-O
{[%clk 1:03:22]} 12. Be3 {[%clk 1:16:03]} 12... Kb8 {[%clk 1:01:48]} 13. O-O {
[%clk 1:11:01]} 13... Nd5 {[%clk 0:59:55]} 14. Qxe7 {[%clk 0:59:40]} 14...
Ncxe7 {[%clk 1:00:13]} 15. Nxd5 {[%clk 0:57:24]} 15... Nxd5 {[%clk 0:58:25]}
16. Bd2 {[%clk 0:45:59]} 16... Rhe8 {[%clk 0:39:26]} 17. Bd3 {[%clk 0:42:15]}
17... g6 {[%clk 0:23:53]} 18. Rfe1 {[%clk 0:36:45]} 18... a6 {[%clk 0:16:59]}
19. h3 {[%clk 0:28:39]} 19... Kc8 {[%clk 0:14:45]} 20. Re2 {[%clk 0:23:28]}
20... f6 {[%clk 0:12:36]} 21. Rae1 {[%clk 0:22:11]} 21... Bf7 {[%clk 0:12:34]}
22. Kf1 {[%clk 0:19:29]} 22... Kd7 {[%clk 0:12:35]} 23. Rxe8 {[%clk 0:17:11]}
23... Rxe8 {[%clk 0:13:02]} 24. Rxe8 {[%clk 0:17:22]} 24... Bxe8 { [%clk
0:12:40]} 25. Be4 {[%clk 0:15:43]} 25... c6 {[%clk 0:12:00]} 26. Ke2 { [%clk
0:14:59]} 26... Bf7 {[%clk 0:11:56]} 27. Kd3 {[%clk 0:13:37]} 27... b6 { [%clk
0:09:56]} 28. c4 {[%clk 0:10:39]} 28... Ne7 {[%clk 0:08:03]} 29. Be3 { [%clk
0:08:14]} 29... c5 {[%clk 0:06:28]} 30. f4 {[%clk 0:06:29]} 30... Be6 { [%clk
0:06:17]} 31. b4 {[%clk 0:05:56]} 31... Kd6 {[%clk 0:06:11]} 32. bxc5+ { [%clk
0:04:58]} 32... bxc5 {[%clk 0:06:39]} 33. g4 {[%clk 0:05:19]} 33... f5 { [%clk
0:05:33]} 34. gxf5 {[%clk 0:04:51]} 34... Bxf5 {[%clk 0:03:03]} 35. Bxf5 {[%clk
0:04:29]} 35... gxf5 {[%clk 0:03:20]} 36. Ke2 {[%clk 0:03:03]} 36... Ng6 {[%clk
0:02:13]} 37. Kf3 {[%clk 0:02:25]} 37... Kc6 {[%clk 0:01:39]} 38. Ke2 { [%clk
0:01:52]} 38... Ne7 {[%clk 0:01:34]} 39. Kf3 {[%clk 0:02:09]} 39... Kd6 { [%clk
0:01:49]} 40. Kg3 {[%clk 0:02:16]} 40... Ng6 {[%clk 0:02:11]} 41. Kf3 { [%clk
0:02:20]} 1/2-1/2

[Event "DEM U16 2018"]
[Site "Willingen GER"]
[Date "2018.05.25"]
[Round "8"]
[White "Färber, David"]
[Black "Kuznecovs, Nikita"]
[Result "1-0"]
[Termination "normal"]
[Board "1"]
[WhiteElo "2256"]
[BlackElo "2266"]
[WhiteClock "00:11:06"]
[BlackClock "00:06:38"]
[PlyCount "75"]
[WhiteFideId "12971294"]
[BlackFideId "11604557"]
[EventCountry "GER"]
[EventRounds "9"]
[EventType "swiss"]
[EventDate "2018.05.19"]

1. e4 {[%clk 1:30:56]} 1... e6 {[%clk 1:30:39]} 2. d4 {[%clk 1:31:00]} 2... d5
{[%clk 1:30:54]} 3. Nc3 {[%clk 1:31:15]} 3... Bb4 {[%clk 1:31:16]} 4. exd5 {
[%clk 1:31:30]} 4... exd5 {[%clk 1:31:40]} 5. Bd3 {[%clk 1:31:35]} 5... Ne7 {
[%clk 1:27:14]} 6. Qf3 {[%clk 1:24:45]} 6... c5 {[%clk 1:26:22]} 7. a3 { [%clk
1:14:47]} 7... Qa5 {[%clk 1:11:00]} 8. Bd2 {[%clk 1:05:49]} 8... cxd4 { [%clk
1:11:05]} 9. Nb1 {[%clk 1:04:29]} 9... Nbc6 {[%clk 1:09:00]} 10. Ne2 { [%clk
1:03:11]} 10... Bxd2+ {[%clk 1:01:43]} 11. Nxd2 {[%clk 1:03:33]} 11... O-O
{[%clk 1:01:46]} 12. Rd1 {[%clk 0:54:27]} 12... Ne5 {[%clk 0:59:53]} 13. Bxh7+
{[%clk 0:48:30]} 13... Kxh7 {[%clk 1:00:17]} 14. Qh5+ {[%clk 0:48:54]} 14...
Kg8 {[%clk 1:00:42]} 15. Qxe5 {[%clk 0:49:18]} 15... Nc6 {[%clk 1:01:06]} 16.
Qh5 {[%clk 0:46:39]} 16... g6 {[%clk 1:01:00]} 17. Qf3 {[%clk 0:46:05]} 17...
Bf5 {[%clk 0:57:32]} 18. b4 {[%clk 0:42:43]} 18... Qb5 {[%clk 0:53:27]} 19. O-O
{[%clk 0:39:56]} 19... Bxc2 {[%clk 0:49:09]} 20. Rde1 {[%clk 0:38:38]} 20... a5
{[%clk 0:38:22]} 21. bxa5 {[%clk 0:35:29]} 21... Bd3 {[%clk 0:32:06]} 22. a4
{[%clk 0:33:54]} 22... Qa6 {[%clk 0:32:04]} 23. Qg4 {[%clk 0:28:06]} 23... Ne5
{[%clk 0:31:33]} 24. Qxd4 {[%clk 0:28:12]} 24... Bxe2 {[%clk 0:31:47] } 25.
Qxe5 {[%clk 0:28:26]} 25... Bxf1 {[%clk 0:31:59]} 26. Nxf1 { [%clk 0:27:56]}
26... Rfe8 {[%clk 0:32:00]} 27. Qxe8+ {[%clk 0:28:13]} 27... Rxe8 {[%clk
0:32:24]} 28. Rxe8+ {[%clk 0:28:38]} 28... Kg7 {[%clk 0:32:48]} 29. Re7 {[%clk
0:25:18]} 29... Qc6 {[%clk 0:31:14]} 30. g3 {[%clk 0:25:01]} 30... Kf6 {[%clk
0:31:32]} 31. Re1 {[%clk 0:25:09]} 31... d4 {[%clk 0:22:00]} 32. Rb1 {[%clk
0:20:51]} 32... Kf5 {[%clk 0:19:11]} 33. Rb6 {[%clk 0:18:01]} 33... Qc7 {[%clk
0:12:44]} 34. Rb4 {[%clk 0:14:56]} 34... Ke4 {[%clk 0:10:13]} 35. Nd2+ { [%clk
0:12:28]} 35... Kd3 {[%clk 0:07:04]} 36. Nf3 {[%clk 0:12:04]} 36... Qc5 { [%clk
0:06:54]} 37. Rxd4+ {[%clk 0:11:23]} 37... Ke2 {[%clk 0:06:38]} 38. Kg2 { [%clk
0:11:06]} 1-0

[Event "DEM U16 2018"]
[Site "Willingen GER"]
[Date "2018.05.25"]
[Round "8"]
[White "Wachinger, Nikolas"]
[Black "Pajeken, Jakob Leon"]
[Result "1/2-1/2"]
[Termination "normal"]
[Board "2"]
[WhiteElo "2208"]
[BlackElo "2278"]
[WhiteClock "00:00:59"]
[BlackClock "00:17:33"]
[PlyCount "82"]
[WhiteFideId "12962791"]
[BlackFideId "12942839"]
[EventCountry "GER"]
[EventRounds "9"]
[EventType "swiss"]
[EventDate "2018.05.19"]

1. e4 {[%clk 1:30:56]} 1... e5 {[%clk 1:30:49]} 2. Nf3 {[%clk 1:31:19]} 2...
Nc6 {[%clk 1:31:15]} 3. d4 {[%clk 1:31:42]} 3... exd4 {[%clk 1:31:39]} 4. Nxd4
{[%clk 1:32:05]} 4... Nf6 {[%clk 1:32:01]} 5. Nxc6 {[%clk 1:32:28]} 5... bxc6 {
[%clk 1:32:27]} 6. e5 {[%clk 1:32:51]} 6... Qe7 {[%clk 1:32:54]} 7. Qe2 { [%clk
1:33:15]} 7... Nd5 {[%clk 1:33:20]} 8. c4 {[%clk 1:33:38]} 8... Nb6 { [%clk
1:33:46]} 9. Nc3 {[%clk 1:33:57]} 9... Ba6 {[%clk 1:34:09]} 10. b3 { [%clk
1:34:02]} 10... O-O-O {[%clk 1:34:27]} 11. Bb2 {[%clk 1:34:21]} 11... Re8
{[%clk 1:29:12]} 12. f4 {[%clk 1:34:21]} 12... d5 {[%clk 1:19:43]} 13. O-O-O {
[%clk 1:21:32]} 13... dxc4 {[%clk 1:14:38]} 14. Qe4 {[%clk 1:16:32]} 14... Kb8
{[%clk 1:06:41]} 15. Kb1 {[%clk 0:57:41]} 15... Qe6 {[%clk 1:00:55]} 16. f5 {
[%clk 0:40:50]} 16... Qe7 {[%clk 1:01:10]} 17. g4 {[%clk 0:27:56]} 17... Qc5 {
[%clk 0:54:08]} 18. a3 {[%clk 0:17:37]} 18... Bc8 {[%clk 0:53:36]} 19. Ne2 {
[%clk 0:15:30]} 19... cxb3 {[%clk 0:51:47]} 20. Nd4 {[%clk 0:15:17]} 20... Bb7
{[%clk 0:45:06]} 21. Bg2 {[%clk 0:14:28]} 21... Nd5 {[%clk 0:43:50]} 22. Rc1 {
[%clk 0:12:36]} 22... Qb6 {[%clk 0:41:37]} 23. Nxc6+ {[%clk 0:08:19]} 23...
Bxc6 {[%clk 0:41:53]} 24. Rxc6 {[%clk 0:08:44]} 24... Qxc6 {[%clk 0:41:54]} 25.
Qxd5 {[%clk 0:09:03]} 25... Qc2+ {[%clk 0:31:22]} 26. Ka1 {[%clk 0:09:31]}
26... c6 {[%clk 0:31:42]} 27. Qxc6 {[%clk 0:09:19]} 27... Qxc6 {[%clk 0:32:06]}
28. Bxc6 {[%clk 0:09:47]} 28... Rd8 {[%clk 0:32:23]} 29. Ba4 {[%clk 0:06:42]}
29... Be7 {[%clk 0:28:31]} 30. f6 {[%clk 0:06:25]} 30... gxf6 {[%clk 0:28:23]}
31. exf6 {[%clk 0:06:54]} 31... Bc5 {[%clk 0:28:32]} 32. Bxb3 {[%clk 0:05:13]}
32... Bd4 {[%clk 0:26:14]} 33. g5 {[%clk 0:04:26]} 33... Bxb2+ {[%clk 0:23:41]}
34. Kxb2 {[%clk 0:04:25]} 34... Rd2+ {[%clk 0:23:34]} 35. Kc3 {[%clk 0:04:16]}
35... Rg2 {[%clk 0:23:56]} 36. Bxf7 {[%clk 0:04:29]} 36... Rxg5 {[%clk 0:24:20]
} 37. Bc4 {[%clk 0:03:34]} 37... Rf5 {[%clk 0:24:30]} 38. f7 {[%clk 0:03:44]}
38... Rf3+ {[%clk 0:23:12]} 39. Kd2 {[%clk 0:02:08]} 39... Kc7 {[%clk 0:21:04]}
40. Rg1 {[%clk 0:01:36]} 40... Rf8 {[%clk 0:17:10]} 41. Rg8 {[%clk 0:00:59]}
41... R8xf7 {[%clk 0:17:33]} 1/2-1/2

[Event "DEM U16 2018"]
[Site "Willingen GER"]
[Date "2018.05.25"]
[Round "8"]
[White "Knüdel, Torben"]
[Black "Engel, Luis"]
[Result "0-1"]
[Termination "normal"]
[Board "3"]
[WhiteElo "2034"]
[BlackElo "2461"]
[WhiteClock "00:15:07"]
[BlackClock "00:17:41"]
[PlyCount "122"]
[WhiteFideId "16208820"]
[BlackFideId "12961523"]
[EventCountry "GER"]
[EventRounds "9"]
[EventType "swiss"]
[EventDate "2018.05.19"]

1. e4 {[%clk 1:30:58]} 1... e5 {[%clk 1:30:57]} 2. Nf3 {[%clk 1:31:24]} 2...
Nc6 {[%clk 1:31:23]} 3. Bb5 {[%clk 1:31:47]} 3... a6 {[%clk 1:31:48]} 4. Ba4 {
[%clk 1:32:14]} 4... Nf6 {[%clk 1:32:13]} 5. O-O {[%clk 1:32:39]} 5... Be7 {
[%clk 1:32:39]} 6. Re1 {[%clk 1:33:03]} 6... b5 {[%clk 1:33:04]} 7. Bb3 { [%clk
1:33:30]} 7... d6 {[%clk 1:33:28]} 8. c3 {[%clk 1:33:56]} 8... O-O { [%clk
1:33:54]} 9. h3 {[%clk 1:34:24]} 9... Nb8 {[%clk 1:34:18]} 10. d4 { [%clk
1:34:32]} 10... Nbd7 {[%clk 1:34:44]} 11. Nbd2 {[%clk 1:34:21]} 11... Bb7
{[%clk 1:35:07]} 12. a4 {[%clk 1:33:42]} 12... c5 {[%clk 1:24:10]} 13. d5 {
[%clk 1:33:50]} 13... c4 {[%clk 1:23:34]} 14. Bc2 {[%clk 1:34:12]} 14... Nc5 {
[%clk 1:23:37]} 15. Nf1 {[%clk 1:32:40]} 15... Re8 {[%clk 1:18:25]} 16. Ng3 {
[%clk 1:32:48]} 16... g6 {[%clk 1:18:50]} 17. Be3 {[%clk 1:31:18]} 17... Nfd7 {
[%clk 1:16:16]} 18. Nh2 {[%clk 1:23:59]} 18... Bg5 {[%clk 1:11:37]} 19. Qf3 {
[%clk 1:22:32]} 19... Bxe3 {[%clk 1:08:40]} 20. Qxe3 {[%clk 1:22:21]} 20... Qf6
{[%clk 1:01:47]} 21. Ra3 {[%clk 1:18:24]} 21... Qf4 {[%clk 0:59:33]} 22. Nhf1 {
[%clk 1:12:14]} 22... Nb6 {[%clk 0:57:28]} 23. axb5 {[%clk 1:09:35]} 23... axb5
{[%clk 0:57:52]} 24. Rea1 {[%clk 1:07:10]} 24... Nba4 {[%clk 0:51:47]} 25. R1a2
{[%clk 1:04:48]} 25... Bc8 {[%clk 0:42:02]} 26. f3 {[%clk 0:57:43]} 26... Qh4 {
[%clk 0:40:05]} 27. Qf2 {[%clk 0:52:12]} 27... Bd7 {[%clk 0:38:59]} 28. Ne2 {
[%clk 0:49:19]} 28... Qh6 {[%clk 0:37:44]} 29. Qe3 {[%clk 0:48:05]} 29... Qh5 {
[%clk 0:37:45]} 30. Nd2 {[%clk 0:43:53]} 30... Qh4 {[%clk 0:29:18]} 31. Nc1 {
[%clk 0:30:17]} 31... f5 {[%clk 0:28:06]} 32. b3 {[%clk 0:29:19]} 32... cxb3 {
[%clk 0:27:48]} 33. Ndxb3 {[%clk 0:29:23]} 33... Nxb3 {[%clk 0:26:03]} 34. Bxb3
{[%clk 0:26:03]} 34... fxe4 {[%clk 0:25:39]} 35. fxe4 {[%clk 0:25:47]} 35...
Rf8 {[%clk 0:22:30]} 36. Nd3 {[%clk 0:24:51]} 36... Rac8 {[%clk 0:20:23]} 37.
Bxa4 {[%clk 0:24:46]} 37... bxa4 {[%clk 0:20:51]} 38. Rb2 {[%clk 0:19:08]}
38... Rc4 {[%clk 0:17:12]} 39. Rb4 {[%clk 0:17:20]} 39... Rfc8 {[%clk 0:14:33]}
40. Nb2 {[%clk 0:16:48]} 40... Rxb4 {[%clk 0:14:20]} 41. cxb4 {[%clk 0:16:19]}
41... Qf4 {[%clk 0:13:33]} 42. Qxf4 {[%clk 0:14:57]} 42... exf4 {[%clk 0:13:41]
} 43. Nd3 {[%clk 0:14:11]} 43... Re8 {[%clk 0:08:19]} 44. e5 {[%clk 0:02:40]}
44... dxe5 {[%clk 0:08:24]} 45. Nc5 {[%clk 0:02:58]} 45... Bb5 {[%clk 0:07:40]}
46. Ne4 {[%clk 0:03:00]} 46... Rb8 {[%clk 0:05:57]} 47. Rc3 {[%clk 0:01:59]}
47... Ra8 {[%clk 0:28:14]} 48. Rc1 {[%clk 0:20:25]} 48... a3 {[%clk 0:27:18]}
49. d6 {[%clk 0:20:43]} 49... a2 {[%clk 0:27:10]} 50. Ra1 {[%clk 0:21:08]}
50... Kf7 {[%clk 0:26:24]} 51. Nc5 {[%clk 0:19:29]} 51... Bc6 {[%clk 0:23:39]}
52. Kf2 {[%clk 0:18:53]} 52... e4 {[%clk 0:23:12]} 53. g3 {[%clk 0:18:12]}
53... e3+ {[%clk 0:23:07]} 54. Ke2 {[%clk 0:18:25]} 54... Bb5+ {[%clk 0:22:16]}
55. Kf3 {[%clk 0:17:43]} 55... e2 {[%clk 0:22:37]} 56. d7 {[%clk 0:17:58]}
56... Ke7 {[%clk 0:21:25]} 57. gxf4 {[%clk 0:17:48]} 57... Kd8 {[%clk 0:20:28]}
58. Kf2 {[%clk 0:17:28]} 58... Ra3 {[%clk 0:20:25]} 59. h4 {[%clk 0:15:15]}
59... Rh3 {[%clk 0:17:16]} 60. Kg2 {[%clk 0:15:38]} 60... Re3 {[%clk 0:17:17]}
61. Rxa2 {[%clk 0:15:07]} 61... Bc6+ {[%clk 0:17:41]} 0-1

[Event "DEM U16 2018"]
[Site "Willingen GER"]
[Date "2018.05.25"]
[Round "8"]
[White "Kopylov, Daniel"]
[Black "Baltic, Fatih"]
[Result "1/2-1/2"]
[Termination "normal"]
[Board "4"]
[BlackTitle "FM"]
[WhiteElo "2298"]
[BlackElo "2135"]
[WhiteClock "00:19:47"]
[BlackClock "01:00:22"]
[PlyCount "42"]
[WhiteFideId "12921971"]
[BlackFideId "12979090"]
[EventCountry "GER"]
[EventRounds "9"]
[EventType "swiss"]
[EventDate "2018.05.19"]

1. e4 {[%clk 1:30:50]} 1... e5 {[%clk 1:30:56]} 2. Nf3 {[%clk 1:31:12]} 2...
Nc6 {[%clk 1:31:21]} 3. d4 {[%clk 1:31:31]} 3... exd4 {[%clk 1:30:19]} 4. Nxd4
{[%clk 1:31:54]} 4... Qf6 {[%clk 1:30:45]} 5. Nf3 {[%clk 1:31:36]} 5... Bb4+ {
[%clk 1:30:48]} 6. c3 {[%clk 1:30:32]} 6... Bc5 {[%clk 1:28:30]} 7. Be2 { [%clk
1:24:24]} 7... h6 {[%clk 1:25:44]} 8. O-O {[%clk 1:21:12]} 8... Nge7 { [%clk
1:23:53]} 9. Nbd2 {[%clk 1:10:47]} 9... d6 {[%clk 1:21:35]} 10. Nc4 { [%clk
1:09:58]} 10... O-O {[%clk 1:19:46]} 11. Be3 {[%clk 1:00:48]} 11... Bxe3 {[%clk
1:19:32]} 12. Nxe3 {[%clk 1:01:10]} 12... Be6 {[%clk 1:12:42]} 13. Nd4 { [%clk
0:59:22]} 13... Nxd4 {[%clk 1:09:05]} 14. cxd4 {[%clk 0:58:19]} 14... c5 {[%clk
1:07:55]} 15. dxc5 {[%clk 0:50:57]} 15... dxc5 {[%clk 1:08:19]} 16. Qd6 {[%clk
0:47:58]} 16... Nc6 {[%clk 1:04:37]} 17. Qxc5 {[%clk 0:30:04]} 17... Qxb2
{[%clk 1:03:52]} 18. Bc4 {[%clk 0:29:33]} 18... Bxc4 {[%clk 1:02:37]} 19. Qxc4
{[%clk 0:26:24]} 19... Qd4 {[%clk 1:01:48]} 20. Qxd4 {[%clk 0:22:13]} 20...
Nxd4 {[%clk 1:02:06]} 21. Nd5 {[%clk 0:19:47]} 21... Rae8 {[%clk 1:00:22] }
1/2-1/2

[Event "DEM U16 2018"]
[Site "Willingen GER"]
[Date "2018.05.25"]
[Round "8"]
[White "Roseneck, Jonas"]
[Black "Schmider, Niklas"]
[Result "1-0"]
[Termination "normal"]
[Board "5"]
[WhiteElo "2183"]
[BlackElo "2169"]
[WhiteClock "00:24:19"]
[BlackClock "00:12:31"]
[PlyCount "55"]
[WhiteFideId "12939870"]
[BlackFideId "12993778"]
[EventCountry "GER"]
[EventRounds "9"]
[EventType "swiss"]
[EventDate "2018.05.19"]

1. e4 {[%clk 1:30:57]} 1... c5 {[%clk 1:30:54]} 2. Nf3 {[%clk 1:31:24]} 2... d6
{[%clk 1:31:19]} 3. d4 {[%clk 1:31:50]} 3... cxd4 {[%clk 1:31:44]} 4. Nxd4 {
[%clk 1:32:16]} 4... Nf6 {[%clk 1:32:09]} 5. Nc3 {[%clk 1:32:43]} 5... a6 {
[%clk 1:32:34]} 6. Be3 {[%clk 1:33:10]} 6... e5 {[%clk 1:32:20]} 7. Nb3 { [%clk
1:33:36]} 7... Be6 {[%clk 1:32:46]} 8. h3 {[%clk 1:34:04]} 8... h5 { [%clk
1:26:52]} 9. f4 {[%clk 1:33:10]} 9... exf4 {[%clk 1:25:35]} 10. Bxf4 { [%clk
1:33:28]} 10... Nc6 {[%clk 1:25:22]} 11. Qe2 {[%clk 1:31:44]} 11... Ne5 { [%clk
1:23:00]} 12. O-O-O {[%clk 1:30:49]} 12... Qc7 {[%clk 1:21:21]} 13. Kb1 { [%clk
1:14:49]} 13... Be7 {[%clk 1:17:11]} 14. g3 {[%clk 1:09:47]} 14... g6 { [%clk
1:11:08]} 15. Bg2 {[%clk 1:08:39]} 15... Kf8 {[%clk 1:10:52]} 16. Nd4 { [%clk
1:06:06]} 16... Nfd7 {[%clk 1:00:00]} 17. g4 {[%clk 0:52:09]} 17... hxg4 {[%clk
0:55:28]} 18. Nxe6+ {[%clk 0:47:31]} 18... fxe6 {[%clk 0:53:48]} 19. hxg4
{[%clk 0:47:59]} 19... Kg7 {[%clk 0:51:05]} 20. g5 {[%clk 0:47:35]} 20... Raf8
{[%clk 0:49:55]} 21. Qe3 {[%clk 0:45:47]} 21... Qc4 {[%clk 0:32:36]} 22. Bh3
{[%clk 0:40:59]} 22... Rc8 {[%clk 0:28:05]} 23. Rh2 {[%clk 0:27:29]} 23... b5
{[%clk 0:21:53]} 24. Rhd2 {[%clk 0:27:31]} 24... b4 {[%clk 0:17:30]} 25. Ne2
{[%clk 0:27:41]} 25... Nc5 {[%clk 0:17:13]} 26. Nd4 {[%clk 0:26:41]} 26... a5 {
[%clk 0:13:57]} 27. Bf1 {[%clk 0:25:54]} 27... Ng4 {[%clk 0:12:31]} 28. Qf3 {
[%clk 0:24:19]} 1-0

[Event "DEM U16 2018"]
[Site "Willingen GER"]
[Date "2018.05.25"]
[Round "8"]
[White "Mütsch, Annmarie"]
[Black "Zimmer, Raphael"]
[Result "0-1"]
[Termination "normal"]
[Board "6"]
[BlackTitle "FM"]
[WhiteElo "2145"]
[BlackElo "2146"]
[WhiteClock "00:01:06"]
[BlackClock "00:01:44"]
[PlyCount "158"]
[WhiteFideId "12971367"]
[BlackFideId "12978841"]
[EventCountry "GER"]
[EventRounds "9"]
[EventType "swiss"]
[EventDate "2018.05.19"]

1. e4 {[%clk 1:30:57]} 1... e5 {[%clk 1:30:51]} 2. Nf3 {[%clk 1:31:19]} 2...
Nc6 {[%clk 1:31:14]} 3. Bb5 {[%clk 1:31:16]} 3... a6 {[%clk 1:31:30]} 4. Ba4 {
[%clk 1:31:41]} 4... Nf6 {[%clk 1:31:47]} 5. O-O {[%clk 1:31:45]} 5... Be7 {
[%clk 1:32:00]} 6. Re1 {[%clk 1:31:54]} 6... b5 {[%clk 1:32:17]} 7. Bb3 { [%clk
1:32:19]} 7... O-O {[%clk 1:32:33]} 8. a4 {[%clk 1:32:03]} 8... Rb8 { [%clk
1:30:50]} 9. d3 {[%clk 1:31:19]} 9... d6 {[%clk 1:30:07]} 10. Nc3 { [%clk
1:30:11]} 10... Na5 {[%clk 1:28:15]} 11. Ba2 {[%clk 1:23:38]} 11... b4 { [%clk
1:17:01]} 12. Nb1 {[%clk 1:16:02]} 12... Be6 {[%clk 1:15:38]} 13. Nbd2 { [%clk
1:14:34]} 13... Bxa2 {[%clk 1:14:57]} 14. Rxa2 {[%clk 1:14:57]} 14... c5 {[%clk
1:14:17]} 15. Ra1 {[%clk 1:13:26]} 15... Re8 {[%clk 1:12:49]} 16. Nc4 { [%clk
1:11:39]} 16... h6 {[%clk 1:09:13]} 17. h3 {[%clk 1:00:47]} 17... Bf8 { [%clk
1:07:35]} 18. Nh2 {[%clk 0:59:38]} 18... Re6 {[%clk 0:57:08]} 19. Qf3 { [%clk
0:50:47]} 19... Nc6 {[%clk 0:53:51]} 20. Ne3 {[%clk 0:45:19]} 20... Nd4 { [%clk
0:52:23]} 21. Qd1 {[%clk 0:45:41]} 21... g6 {[%clk 0:41:56]} 22. Nhg4 { [%clk
0:43:25]} 22... Ne8 {[%clk 0:41:07]} 23. Bd2 {[%clk 0:35:58]} 23... Bg7 { [%clk
0:32:33]} 24. Rb1 {[%clk 0:33:17]} 24... Kh7 {[%clk 0:30:55]} 25. c3 { [%clk
0:31:26]} 25... Nc6 {[%clk 0:30:45]} 26. Qf3 {[%clk 0:29:30]} 26... Rb7 { [%clk
0:29:08]} 27. Nd5 {[%clk 0:24:38]} 27... a5 {[%clk 0:26:25]} 28. g3 { [%clk
0:23:11]} 28... Qd7 {[%clk 0:24:21]} 29. h4 {[%clk 0:22:13]} 29... h5 { [%clk
0:16:53]} 30. Nge3 {[%clk 0:19:45]} 30... Nd8 {[%clk 0:14:03]} 31. Ra1 { [%clk
0:17:33]} 31... Nf6 {[%clk 0:12:32]} 32. Qg2 {[%clk 0:14:08]} 32... Nxd5 {[%clk
0:08:37]} 33. Nxd5 {[%clk 0:14:24]} 33... Re8 {[%clk 0:07:09]} 34. f4 { [%clk
0:12:19]} 34... f5 {[%clk 0:05:56]} 35. Rf1 {[%clk 0:09:46]} 35... fxe4 { [%clk
0:04:17]} 36. dxe4 {[%clk 0:07:33]} 36... exf4 {[%clk 0:04:00]} 37. Bxf4 {[%clk
0:06:49]} 37... Ne6 {[%clk 0:02:40]} 38. Be3 {[%clk 0:05:04]} 38... Rbb8 {[%clk
0:02:03]} 39. g4 {[%clk 0:04:07]} 39... hxg4 {[%clk 0:01:12]} 40. Qxg4 { [%clk
0:03:59]} 40... Nf8 {[%clk 0:00:38]} 41. Qg2 {[%clk 0:01:49]} 41... Qe6 { [%clk
0:27:54]} 42. Rf4 {[%clk 0:29:11]} 42... Be5 {[%clk 0:20:49]} 43. Rf3 { [%clk
0:21:02]} 43... Rb7 {[%clk 0:18:21]} 44. Raf1 {[%clk 0:16:36]} 44... Kg7 {[%clk
0:16:48]} 45. h5 {[%clk 0:13:24]} 45... Nh7 {[%clk 0:15:14]} 46. Kh1 { [%clk
0:05:08]} 46... Kh8 {[%clk 0:12:43]} 47. Qxg6 {[%clk 0:04:00]} 47... Qxg6
{[%clk 0:12:23]} 48. hxg6 {[%clk 0:04:23]} 48... Rg7 {[%clk 0:12:36]} 49. Rg1 {
[%clk 0:02:55]} 49... Reg8 {[%clk 0:09:03]} 50. Rgf1 {[%clk 0:01:23]} 50...
Rxg6 {[%clk 0:09:07]} 51. Ne7 {[%clk 0:01:22]} 51... Nf6 {[%clk 0:07:44]} 52.
Rh3+ {[%clk 0:01:18]} 52... Kg7 {[%clk 0:07:59]} 53. Nxg6 {[%clk 0:01:09]}
53... Kxg6 {[%clk 0:08:21]} 54. Rg1+ {[%clk 0:00:59]} 54... Kf7 {[%clk 0:08:43]
} 55. Rf1 {[%clk 0:00:40]} 55... bxc3 {[%clk 0:08:08]} 56. bxc3 {[%clk 0:01:04]
} 56... Ke7 {[%clk 0:08:02]} 57. Re1 {[%clk 0:00:35]} 57... Nxe4 { [%clk
0:07:54]} 58. c4 {[%clk 0:00:37]} 58... Kd7 {[%clk 0:07:22]} 59. Bg1 { [%clk
0:00:33]} 59... Rg4 {[%clk 0:06:55]} 60. Rh7+ {[%clk 0:00:43]} 60... Kc6 {[%clk
0:07:16]} 61. Rb1 {[%clk 0:00:34]} 61... Nd2 {[%clk 0:07:02]} 62. Rb8 { [%clk
0:00:33]} 62... Rxc4 {[%clk 0:06:31]} 63. Bh2 {[%clk 0:00:35]} 63... Bxh2
{[%clk 0:05:29]} 64. Rxh2 {[%clk 0:00:56]} 64... Ne4 {[%clk 0:05:29]} 65. Ra2 {
[%clk 0:00:54]} 65... Nc3 {[%clk 0:05:31]} 66. Rc2 {[%clk 0:01:10]} 66... Rh4+
{[%clk 0:05:20]} 67. Kg2 {[%clk 0:01:33]} 67... Nxa4 {[%clk 0:05:41]} 68. Ra8 {
[%clk 0:01:29]} 68... Kb5 {[%clk 0:04:20]} 69. Rd2 {[%clk 0:01:27]} 69... Nb6 {
[%clk 0:04:02]} 70. Rb8 {[%clk 0:01:31]} 70... Kc6 {[%clk 0:03:32]} 71. Rb2 {
[%clk 0:01:18]} 71... Rb4 {[%clk 0:03:09]} 72. Ra2 {[%clk 0:01:16]} 72... a4 {
[%clk 0:03:31]} 73. Kf2 {[%clk 0:01:29]} 73... Kb5 {[%clk 0:03:00]} 74. Rh8 {
[%clk 0:01:13]} 74... Kc4 {[%clk 0:02:10]} 75. Rh3 {[%clk 0:01:29]} 75... Nd5 {
[%clk 0:01:43]} 76. Rd2 {[%clk 0:01:12]} 76... Nc3 {[%clk 0:01:41]} 77. Rc2 {
[%clk 0:00:53]} 77... Rb3 {[%clk 0:02:04]} 78. Rh4+ {[%clk 0:00:58]} 78... Kd3
{[%clk 0:01:39]} 79. Rc1 {[%clk 0:01:06]} 79... a3 {[%clk 0:01:44]} 0-1